Statystyki dla Najpopularniejsze nazwiska w Słowenii

Kliknij tutaj aby rozwiązać quiz!

Ogólne statystyki

  • Ten quiz został rozwiązany 9 razy
  • Średni wynik to 2 z 15

Statystyki odpowiedzi

Liczba osób z tym nazwiskiemNazwisko% Poprawnych
6364Kovac
44%
3007Oblak
44%
3130Zajc
44%
12 126Novak
33%
4135Kos
22%
3506Zupan
22%
2961Petek
11%
3457Bizjak
0%
4088Golob
0%
10 180Horvat
0%
3349Hribar
0%
3637Kralj
0%
3214Rozman
0%
3724Turk
0%
4124Vidmar
0%

Rozkład punktacji

Percentyl według liczby udzielonych odpowiedzi

Procent ludzi z każdym wynikiem

Twoja historia wyników

Nie rozwiązałeś tego quizu